Nalaganje...

Elements of properties of matter/

Bibliografske podrobnosti
Glavni avtor: Mathur D S
Format: Printed Book
Izdano: N D Shyam Lal 1976
LEADER 00731 a2200133 4500
082 |a 530.41 MAT/E 
100 |q Mathur D S 
245 |a Elements of properties of matter/  |c by D S Mathur 
260 |a N D  |b Shyam Lal  |c 1976 
942 |2 ddc  |c BK 
999 |c 166814  |d 166814 
952 |0 0  |1 0  |2 ddc  |4 0  |6 530_410000000000000_MAT_E  |7 0  |9 184252  |a PHY  |b PHY  |c ST1  |d 2010-05-18  |i G148  |l 0  |o 530.41 MAT/E  |p PHYG148  |r 2010-05-18  |w 2010-05-18  |y BK 
952 |0 0  |1 0  |2 ddc  |4 0  |6 530_410000000000000_MAT_E  |7 0  |9 184253  |a PHY  |b PHY  |c ST1  |d 2010-05-18  |i G149  |l 1  |m 1  |o 530.41 MAT/E  |p PHYG149  |r 2015-06-29  |s 2015-06-10  |w 2010-05-18  |y BK 
952 |0 0  |1 0  |2 ddc  |4 0  |6 530_410000000000000_MAT_E  |7 0  |9 184254  |a PHY  |b PHY  |c ST1  |d 2010-05-18  |i G150  |l 1  |m 0  |o 530.41 MAT/E  |p PHYG150  |r 2015-06-10  |s 2015-06-10  |w 2010-05-18  |y BK